| 000 | 01006nam a22003017a 4500 | ||
|---|---|---|---|
| 001 | 4515 | ||
| 003 | FISKH | ||
| 005 | 20240912150724.0 | ||
| 008 | 240912b cb ||||| |||| 00| 0 eng d | ||
| 020 | _a9780545243308 | ||
| 040 |
_aFISKH _beng _cFISKH _dFISKH |
||
| 050 | _aPZ7.C88135 | ||
| 082 | _a813.6 | ||
| 100 |
_aCronin, Doreen _eauthor |
||
| 245 |
_aDiary of a spider / _cby Doreen Cronin : Picture by Harry Bliss |
||
| 250 | _aFirst scholastic paperback printing , January 2011 | ||
| 260 |
_aNew York : _bScholastic ; _c2005. |
||
| 300 |
_a31 unnumbered pages : _bcolor illustrations ; _c26 cm . |
||
| 490 | _a Diary of a.. | ||
| 505 | _aK | ||
| 520 | _aA young spider discovers, day by day, that there is a lot to learn about being a spider, including how to spin webs and avoid vacuum cleaners. | ||
| 521 | 8 |
_a510
_bLexile AD |
|
| 521 | 8 |
_aK
_bRaz-Plus |
|
| 650 |
_adairy _vfiction |
||
| 700 |
_aBliss, Harry _eillustrator |
||
| 942 |
_2ddc _cBK _n0 |
||
| 999 |
_c4515 _d4515 |
||